000 00729nam a2200289Ia 4500
008 160321s9999||||xx |||||||||||||| ||und||
040 _cHindi
082 _aXV.A/Sharma acharya
082 _bBORI-87412
100 _aBramhavarchasva
245 _aIshwar Kon hai? Kaha hai? kaisa Hai?
260 _aMathura
260 _bAkhanda Jyot sansthan
300 _a450
300 _cC
300 _eHardbound
530 _bBapat
530 _u00052430.pdf
563 _areference
600 _aBramhavarchasva
630 _aIshwar Kon hai? Kaha hai? kaisa Hai?
650 _aDictionary
650 _aReference
700 _aBramhavarchasva
730 _aIshwar Kon hai? Kaha hai? kaisa Hai?
942 _cBOOK
999 _c1371450
_d1371447